书目信息 |
| 题名: |
太阳照在桑干河上
|
|
| 作者: | 丁玲 著 | |
| 分册: | ||
| 出版信息: | 北京 人民文学出版社 1956.08 |
|
| 页数: | 248页 | |
| 开本: | 21cm | |
| 丛书名: | 中国当代长篇小说藏本 | |
| 单 册: | ||
| 中图分类: | I246.51 | |
| 科图分类: | ||
| 主题词: | 长篇小说 , 长篇小说--中国--现代 | |
| 电子资源: | ||
| ISBN: | 7-02-004897-8 | |
| 000 | 00779oam2 2200277 450 | |
| 001 | 1136146484 | |
| 005 | 20111228100325.43 | |
| 010 | @a7-02-004897-8@dCNY14.00 | |
| 090 | @aI246.51@bdl | |
| 096 | @aI246.51@bdl | |
| 100 | @a20050411d1956 em y0chiy50 ea | |
| 101 | 0 | @achi |
| 102 | @aCN@b110000 | |
| 105 | @ay z 000ay | |
| 200 | 1 | @a太阳照在桑干河上@b专著@f丁玲著@9tai yang zhao zai sang gan he shang |
| 205 | @a2版 | |
| 210 | @a北京@c人民文学出版社@d1956.08@h2005印 | |
| 215 | @a248页@d21cm | |
| 225 | 2 | @a中国当代长篇小说藏本 |
| 461 | 0 | @1001002797418 |
| 606 | 0 | @a长篇小说 |
| 606 | 0 | @a长篇小说@y中国@z现代 |
| 690 | @aI246.51@v4 | |
| 701 | 0 | @a丁玲@c(女,@f1904.10~1986.3)@4著@9ding ling |
| 801 | 0 | @aCN@b110017@c20050419 |
| 905 | @aZUCC@dI246.51@eD542 | |
| 太阳照在桑干河上/丁玲著.-2版.-北京:人民文学出版社,1956.08(2005印) |
| 248页;21cm.-(中国当代长篇小说藏本) |
| ISBN 7-02-004897-8:CNY14.00 |
| ● |
| 相关链接 |
|
|
|
正题名:太阳照在桑干河上
索取号:I246.51/D542
 
预约/预借
| 序号 | 登录号 | 条形码 | 馆藏地/架位号 | 状态 | 备注 |
| 1 | 467130 | 204671300 | 文学库108/108文学库 24排4列4层/ [索取号:I246.51/D542] | 在馆 | |
| 2 | 467131 | 204671319 | 文学库108/108文学库 24排4列4层/ [索取号:I246.51/D542] | 在馆 | |
| 3 | 467132 | 204671328 | 文学库108/108文学库 24排4列2层/ [索取号:I246.51/D542] | 在馆 |